000
00336nam a2200145Ia 4500
008
191201s2007 xx 000 0 und d
082
_a
005.133
_b
RAC
100
_a
Rajaraman
245
0
_a
Computer Programming in Fortron 77
250
_a
4th
260
_a
N.Delhi
_b
PHI
_c
2007
300
_a
-
650
_a
B.Tech(IT)
942
_2
ddc
_c
BK
999
_c
2778
_d
2778